LEADER 01013nam0 22003013i 450 001 PAR0791827 005 20231121125605.0 100 $a20181015d1985 ||||0itac50 ba 101 | $afre 102 $afr 181 1$6z01$ai $bxxxe 182 1$6z01$an 200 1 $aClaudel$fPaul-André Lesort 210 $aParis$cSeuil$dstampa 1985 215 $a191 p.$cill.$d18 cm. 225 | $aÉcrivains de toujours$v63 410 0$1001RAV0113030$12001 $aÉcrivains de toujours$v63 606 $aClaudel, Paul$2FIR$3RMLC182325$9I 676 $a841.91$9POESIA FRANCESE. SEC. 20.$v21 700 1$aLesort$b, Paul-André$3LO1V091645$4070$0392285 801 3$aIT$bIT-01$c20181015 850 $aIT-FR0017 899 $aBiblioteca umanistica Giorgio Aprea$bFR0017 $eN 912 $aPAR0791827 950 0$aBiblioteca umanistica Giorgio Aprea$d 52MAG 1/364$e 52MAG0000146705 VMB RS $fA $h20181015$i20181015 977 $a 52 996 $aClaudel$91685860 997 $aUNICAS